000
00312nam a2200133Ia 4500
008
191201s2010 xx 000 0 und d
100
_a
KAZMI, Azhar
245
0
_a
Strategic Management Business Policy
250
_a
9th Rep
260
_c
2010
_b
MGH
_a
N. delhi
300
_a
698
650
_a
MBA
942
_2
ddc
_c
BB
999
_c
7356
_d
7356